01283cam a22003134i 4500003000900000005001700009008004100026035001900067040003300086082002500119100003900144245011700183264005100300300005600351336002100407337002500428338002300453500009300476504002800569505020700597526000900804526000900813526000800822526000800830526000800838650003400846700004700880700004200927PE-LiUPU20250731183359.0150623s r 000 0 d a(Sirsi) a22067 aPE-LiUPUbspacPE-LiUPUerda04a782.420 985bL542211 aLévano, César,d1926-,eautor.10aUn cancionero escondido :bhistoria y música del Centro Musical Obrero de Lima, 1922-1924 /cCésar Lévano. 1aLima :bBiblioteca Nacional del Perú,c1998. a174 páginas :bilustraciones partituras ;c29 cm. atext2rdacontent aunmediated2rdamedia avolume2rdacarrier aI Convocatoria Nacional "José Maria Arguedas". Avances de investigación - Música. aIncluye bibliografía.0 aUn cancionero escondido : historia y música del Centro Musiocal Obrero de Lima : 1922-1924. -Coplas y tonadas de Cumanana. -Testimonio: chuscada y otras canciones populares del departamento de Ancash. aP158 aP146 aP17 aP12 aP0604aCanciones populares peruanas.1 aAdrianzén Palacios, Noél Orlando,eed.1 aPortella Egúsquiza, Américo,eed.